ՀՀ Գիտությունների ազգային ակադեմիայի հիմնարար գիտական գրադարան  =   Fundamental Scientific Library of NAS RA

Майкоп : (Record no. 538162)

MARC details
000 -LEADER
fixed length control field 01109nam a2200229 a 4500
001 - CONTROL NUMBER
control field 1381061
003 - CONTROL NUMBER IDENTIFIER
control field AM-YEHGA
005 - DATE AND TIME OF LATEST TRANSACTION
control field 20260319132940.0
008 - FIXED-LENGTH DATA ELEMENTS--GENERAL INFORMATION
fixed length control field 180330s1957 ru a||||r|||||000|0|rus|d
040 ## - CATALOGING SOURCE
Original cataloging agency AM-YEHGA
041 0# - LANGUAGE CODE
Language code of text/sound track or separate title rus
100 1# - MAIN ENTRY--PERSONAL NAME
Personal name Коссович, Петр Федотович
245 10 - TITLE STATEMENT
Title Майкоп :
Remainder of title К столетию со дня основания : Краткий исторический очерк /
Statement of responsibility, etc. П.Ф. Коссович, М.З. Азаматова, С.Н. Малых ; Адыг. науч.-исслед. ин-т языка, литературы и истории.
260 ## - PUBLICATION, DISTRIBUTION, ETC.
Place of publication, distribution, etc. Майкоп :
Name of publisher, distributor, etc. Адыг. кн. изд-во,
Date of publication, distribution, etc. 1957.
300 ## - PHYSICAL DESCRIPTION
Extent 135 с. :
Other physical details ил. ;
Dimensions 18 см.
650 14 - SUBJECT ADDED ENTRY--TOPICAL TERM
Topical term or geographic name entry element История СССР
651 #4 - SUBJECT ADDED ENTRY--GEOGRAPHIC NAME
Geographic name Майкоп, г.
General subdivision История
700 1# - ADDED ENTRY--PERSONAL NAME
Personal name Азаматова, Мин-Кутас Зачериевна
700 1# - ADDED ENTRY--PERSONAL NAME
Personal name Малых, Степан Николаевич
710 2# - ADDED ENTRY--CORPORATE NAME
Corporate name or jurisdiction name as entry element Адыгейский научно-исследовательский институт языка, литературы и истории
942 ## - ADDED ENTRY ELEMENTS (KOHA)
Source of classification or shelving scheme Universal Decimal Classification
Koha item type Գրքեր / Books
Holdings
Withdrawn status Lost status Damaged status Not for loan Collection Home library Current library Date acquired Total checkouts Full call number Barcode Date last seen Price effective from Koha item type Public note Source of classification or shelving scheme
        Kusikian Individual Collection Fundamental Scientific Library Fundamental Scientific Library 29/10/2025   Кус/5177 FL0698119 29/10/2025 29/10/2025 Գրքեր / Books ILL Non-Circ.  
        General Fundamental Scientific Library Fundamental Scientific Library 19/03/2026   РД I/12699 FL0628317 19/03/2026 19/03/2026 Գրքեր / Books 30 Days Loan Universal Decimal Classification


ՀՀ ԳԱԱ հիմնարար գիտական գրադարան
ՀՀ,Երևան 0019
Մարշալ Բաղրամյան 24/6
հեռախոս:(374-10) 52-47-50
Հետադարձ կապ

All site content, except where otherwise noted, is licensed under a
Creative Commons License